000 00544nam a2200193Ia 4500
003 GCL
008 140319s9999 xx 000 0 ara d
040 _aGCL /
_cGCL
082 0 4 _a808.802
_bر ق
100 1 _aروثغن، ك . ك
245 1 0 _aقضايا فى النقد الادبى /
_cروثغن، ك . ك
700 1 _aعبدالجبار المطلبى
700 1 _aمحسن جابر الموسوى
300 _a248 ص
490 _a
650 0 4 _aالادب العربى
650 0 4 _aالنقد الادبى
942 _2ddc
_cBK
999 _c38341
_d38341